00611nam a22002057a 450000500170000000800410001701000140005802000230007203500130009503700150010804000180012308200120014110000160015324500760016926000380024527000610028330000240034450000200036870000170038820090513114844.0090508t xxu||||| |||| 00| 0 eng d aENG-93506 a8170247888c995.00 aEN-77039 bDBAD / PUB adplbEnglish  a658.408 aSingh, U.K. aSafety, security and risk management /cby U.K. Singh [and] J.M. Dewan  aNew Delhi bAPH Publishing c2009 a4435-36/7, Ansari Road, Darya Ganj, bNew Delhi e110002 av, 344p.c22cm(Hb)  aIncludes index  aDewan, J.M.